Music Quiz

Random Music or Lyrics Quiz
Score 0/235 Timer 10:00
0 Plays Today
% Correct
I
97.1%
I
97.1%
I
97.1%
I
97.1%
I
97.1%
I
97.1%
I
97.1%
I
97.1%
I
97.1%
I
97.1%
I
97.1%
I
97.1%
I
97.1%
I
97.1%
I
97.1%
I
97.1%
I
97.1%
I
97.1%
I
97.1%
the
96.1%
the
96.1%
the
96.1%
bitch
96.1%
bitch
96.1%
the
96.1%
the
96.1%
bitch,
96.1%
bitch,
96.1%
the
96.1%
bitch
96.1%
bitch,
96.1%
bitch
96.1%
the
96.1%
the
96.1%
the
96.1%
bitch
96.1%
bitch,
96.1%
bitch,
96.1%
the
96.1%
bitch
96.1%
bitch,
96.1%
bitch
96.1%
the
96.1%
the
96.1%
bitch,
96.1%
bitch,
96.1%
the
96.1%
bitch
96.1%
bitch,
96.1%
bitch
96.1%
the
96.1%
the
96.1%
Bitch,
96.1%
bitch,
96.1%
the
96.1%
bitch
96.1%
back
95.1%
back
95.1%
back
95.1%
back
95.1%
back
95.1%
back
95.1%
is
92.2%
is
92.2%
is
92.2%
is
92.2%
a
91.3%
a
91.3%
a
91.3%
a
91.3%
a
91.3%
a
91.3%
a
91.3%
a
91.3%
a
91.3%
a
91.3%
a
91.3%
you
80.6%
you
80.6%
% Correct
that
80.6%
that
80.6%
that!
80.6%
you
80.6%
that
80.6%
that
80.6%
you
80.6%
that
80.6%
that
80.6%
I'm
79.6%
I'm
79.6%
I'm
79.6%
I'm
79.6%
I'm
79.6%
I'm
79.6%
I'm
79.6%
I'm
79.6%
I'm
79.6%
of
78.6%
of
78.6%
of
78.6%
of
78.6%
of
78.6%
do
77.7%
do
77.7%
do
77.7%
way
76.7%
way
76.7%
way
76.7%
when
75.7%
when
75.7%
can
75.7%
can
75.7%
can
75.7%
when
75.7%
can
75.7%
can
75.7%
can
75.7%
can
75.7%
get
74.8%
get
74.8%
in
73.8%
oh
73.8%
oh
73.8%
oh
73.8%
in
73.8%
oh
73.8%
oh
73.8%
oh
73.8%
oh,
73.8%
oh
73.8%
Oh,
73.8%
oh,
73.8%
oh
73.8%
oh,
73.8%
oh
73.8%
as
72.8%
matter
72.8%
fact
72.8%
better
72.8%
than
72.8%
as
72.8%
matter
72.8%
fact
72.8%
better
72.8%
than
72.8%
as
72.8%
matter
72.8%
fact
72.8%
better
72.8%
than
72.8%
was
71.8%
was
71.8%
your
71.8%
your
71.8%
Stone
71.8%
cold
71.8%
Stone
71.8%
cold
71.8%
% Correct
Stone
71.8%
cold
71.8%
sober
70.9%
It's
70.9%
it's
70.9%
sober
70.9%
It's
70.9%
sober
70.9%
It's
70.9%
gets
69.9%
things
69.9%
gets
69.9%
things
69.9%
things
69.9%
five
63.1%
eye
63.1%
move,
62.1%
move,
62.1%
move,
62.1%
justified
61.2%
on
61.2%
on
61.2%
'cause
61.2%
'cause
61.2%
'cause
61.2%
spit
60.2%
now
59.2%
But
59.2%
gonna
57.3%
all
57.3%
are
55.3%
that's
55.3%
high
55.3%
Raisin'
53.4%
night
53.4%
at
53.4%
Times
52.4%
Even
52.4%
like
50.5%
social
50.5%
evening
50.5%
my
50.5%
like
50.5%
My
50.5%
changin'
49.5%
best
49.5%
Cain,
48.5%
Saturday
48.5%
Friday,
47.6%
glue
46.6%
sniffing
45.6%
right
44.7%
pots
44.7%
don't
44.7%
poor
43.7%
fat
43.7%
fever's
43.7%
catch
43.7%
by
43.7%
by
43.7%
Eat
36.9%
meat
36.9%
what's
35.9%
picking
35%
those!
35%
God,
35%
brains
34%
soul,
33%
do's
32%
entertain
32%
steak
31.1%
dropping
31.1%
Sell
30.1%
names
30.1%
nasty
27.2%
full
26.2%
habits
23.3%

You're not logged in!

Compare scores with friends on all Sporcle quizzes.
OR
Log In

Sporcle TV

Today on Sporcle TV


Watch our educational content, quiz creation guides, and fun videos on Sporcle TV.

Show Comments

Extras

Created Jul 10, 2019ReportNominate
Tags:Lyrics Quiz, Elton John

Top Quizzes Today


Score Distribution

Paid Content

Your Account Isn't Verified!

In order to create a playlist on Sporcle, you need to verify the email address you used during registration. Go to your Sporcle Settings to finish the process.

Report this User

Report this user for behavior that violates our Community Guidelines.

Details: